000 00298nam a22001337a 4500
020 _a978-8179061664
041 _aENG
100 _aRathore .N.S
245 _aNon Conventional Energy Sources
260 _aDelhi
_bHimanshu Pub
_c2007
300 _a355
650 _aEOES
856 _uEOES ( 12 )
999 _c1258
_d1258